| 000 | 00420nam a2200169Ia 4500 | ||
|---|---|---|---|
| 999 |
_c29355 _d29355 |
||
| 003 | OSt | ||
| 005 | 20250715154127.0 | ||
| 008 | 250310s9999||||xx |||||||||||||| ||und|| | ||
| 040 | _c. | ||
| 082 |
_a891.43 _bS77427 |
||
| 100 |
_96134 _aSrivastava, Utkarsh |
||
| 245 | 0 |
_aRankshetram / _cUtkarsh Srivastava |
|
| 250 | _a2nd ed. | ||
| 260 |
_aAllahabad : _bAnjuman prakashan, _c2017. |
||
| 300 | _a280 p. | ||
| 942 |
_cBK _2ddc |
||